| 000 | 00734nam a2200217 a 4500 | ||
|---|---|---|---|
| 005 | 20220914063655.0 | ||
| 008 | 021113s2001 es r 000 0 spa d | ||
| 020 | _a8497000161 | ||
| 035 | _aUPN01000120994 | ||
| 049 | _aCG | ||
| 050 | 4 |
_aBF295 _bA7.6 |
|
| 100 | 1 |
_aArnáiz Sánchez, Pilar _928752 |
|
| 245 | 1 | 3 |
_aLa psicomotricidad en la escuela : _buna práctica preventiva y educativa / _cPilar Arnaiz Sánchez, Marta Rabadán Martínez, Iolanda Vives Peñalver. |
| 260 |
_aMálaga, Esp. : _bAljibe, _c2001. |
||
| 300 |
_a157 p. : _bil. |
||
| 440 | 0 | _aMonográficos Aljibe | |
| 650 | 7 |
_aPsicomotricidad _2 _95010 |
|
| 700 | 1 |
_aRabadán Martínez, Martha, _ecoaut. |
|
| 700 | 1 |
_aVives Peñalver, Iolanda, _ecoaut. |
|
| 905 | _aLibro | ||
| 999 |
_c93310 _d93310 |
||